An introduction to the theory of statistics (Record no. 746)

MARC details
000 -LEADER
fixed length control field 00544nam a2200181Ia 4500
003 - CONTROL NUMBER IDENTIFIER
control field IN-BaIIA
008 - FIXED-LENGTH DATA ELEMENTS--GENERAL INFORMATION
fixed length control field 211028s9999 xx 000 0 eng d
040 ## - CATALOGING SOURCE
Transcribing agency IIA Library
080 ## - UNIVERSAL DECIMAL CLASSIFICATION NUMBER
Universal Decimal Classification number 519.2
Item number YUL
100 ## - MAIN ENTRY--PERSONAL NAME
Personal name Yule, G Udny
9 (RLIN) 1601
245 #3 - TITLE STATEMENT
Title An introduction to the theory of statistics
Statement of responsibility, etc. G. Udny Yule and M. G. Kendall
250 ## - EDITION STATEMENT
Edition statement 13th ed.
260 ## - PUBLICATION, DISTRIBUTION, ETC.
Place of publication, distribution, etc. London
Name of publisher, distributor, etc. Charles Griffin
Date of publication, distribution, etc. 1945
300 ## - PHYSICAL DESCRIPTION
Extent xiii, 570p.
650 ## - SUBJECT ADDED ENTRY--TOPICAL TERM
Topical term or geographic name entry element Statistics
9 (RLIN) 1602
700 ## - ADDED ENTRY--PERSONAL NAME
Personal name Kendall, M. G.
9 (RLIN) 1603
942 ## - ADDED ENTRY ELEMENTS (KOHA)
Koha item type Books
Holdings
Withdrawn status Lost status Damaged status Not for loan Home library Current library Shelving location Date acquired Total Checkouts Full call number Barcode Date last seen Price effective from Koha item type
        IIA Library-Bangalore IIA Library-Bangalore General Stacks     519.2/ YUL 770 05/11/2021   Books

Powered by Koha